| 000 | 00409cam a2200181 4500 | ||
|---|---|---|---|
| 001 | D14357 | ||
| 008 | 090401t1960 xxu||||| |||| 00| 0 eng d | ||
| 035 | _a(Sirsi) u15057 | ||
| 041 | _aeng | ||
| 100 | _aWalmsley, R Charles | ||
| 245 | _aRural estate management | ||
| 250 | _a4th | ||
| 260 |
_aLondon _bEstates Gazette _c1960 |
||
| 350 | _a0 | ||
| 520 | _aShelf 136 | ||
| 942 | _n0 | ||
| 948 | _c04/03/1997 | ||
| 999 |
_c87247 _d87247 |
||